Funkcia separátora a prihrievača pary v sekundárnom okruhu JE

Gespeichert in:
Bibliographische Detailangaben
1. Verfasser: Izák, Timon (Verfasst von)
Weitere Verfasser: Világi, František (Betreuung Doktorarbeit)
Format: Manuskript Buch
Sprache:Slowakisch
Veröffentlicht: 2024
Schlagworte:
Online-Zugang:http://is.stuba.sk/zp/portal_zp.pl?podrobnosti=186161
Tags: Tag hinzufügen
Keine Tags, Fügen Sie das erste Tag hinzu!

MARC

LEADER 00000ntm a22000003a 4500
001 stuzp98551
003 SK-STU
005 20241118084123.6
007 ta
008 150427s2015----xo-----f-mn---000-0-slo-d
040 |a STU  |b slo 
041 0 |a slo 
100 1 |a Izák, Timon  |u 020060  |4 aut  |U SjF Strojnícka fakulta  |T SjF Ústav energetických strojov a zariadení  |X 117377  |U J0060  |Y 805  |7 117377 
242 0 1 |a Function of the Moisture Separator and Reheater in the Secondary Circuit of the NPP  |y eng 
245 1 0 |a Funkcia separátora a prihrievača pary v sekundárnom okruhu JE 
260 |c 2024 
650 4 |a separátor a prihrievač pary  |2 slo 
650 4 |a jadrová elektráreň  |2 slo 
650 4 |a tepelný cyklus  |2 slo 
650 4 |a moisture separator and reheater  |2 eng 
650 4 |a thermal cycle  |2 eng 
650 4 |a nuclear power plant  |2 eng 
700 1 |a Világi, František  |u 020060  |k Z1  |4 ths  |U SjF Strojnícka fakulta  |T SjF Ústav energetických strojov a zariadení  |X 68944  |U J0060  |Y 805  |7 A000068944 
856 4 |u http://is.stuba.sk/zp/portal_zp.pl?podrobnosti=186161 
996 |b 284J047636  |c J* 3731/DBP  |l JJSK  |s A  |a 24  |w stuzp98551_0001